000 00285nam a2200109Ia 4500
008 171211s9999 xx 000 0 und d
245 _aMaking Assessment Matter
245 _cGraham Butt
260 _c2010
650 _xBUSINESS
856 _uhttp://down.ebook777.com/062/1847063837.pdf
999 _c349493
_d349493